书目信息 |
| 题名: |
躬耕三十年(1986-2016)
|
|
| 作者: | 李远 , 刘浪 主编 | |
| 分册: | ||
| 出版信息: | 北京 中国文联出版社 2016 |
|
| 页数: | 414页 | |
| 开本: | 24cm | |
| 丛书名: | ||
| 单 册: | ||
| 中图分类: | I207.7-53 | |
| 科图分类: | ||
| 主题词: | 民间文学--文学研究--广州--1986-2016--文集 | |
| 电子资源: | ||
| ISBN: | 978-7-5190-1749-1 | |
| 000 | 00983nam0 2200241 450 | |
| 001 | 012001002543 | |
| 005 | 20140926114739.0 | |
| 010 | @a978-7-5190-1749-1@dCNY58.00 | |
| 100 | @a20170427d2016 em y0chiy50 ea | |
| 101 | 0 | @achi |
| 102 | @aCN@b110000 | |
| 105 | @ay z 000yd | |
| 106 | @ar | |
| 200 | 1 | @a躬耕三十年(1986-2016)@9gong geng san shi nian ( 1986-2016 )@e广州市花都区民间文艺家协会成立30周年文选@f李远,刘浪主编 |
| 210 | @a北京@c中国文联出版社@d2016 | |
| 215 | @a414页@d24cm | |
| 330 | @a本书分太平天国篇、古村落篇、古祠堂篇、盘古王诞篇、楹联篇、非遗篇、历史名人篇、红色文化篇、民俗篇、侨乡文化篇等十篇,收录了《民间心目中的太平天国》、《略议洪秀全的是非功过》、《辛亥革命是太平天国革命的继承和发展》等内容。 | |
| 606 | 0 | @a民间文学@x文学研究@y广州@z1986-2016@j文集 |
| 690 | @aI207.7-53@v5 | |
| 701 | 0 | @a李远@9li yuan@f(1957.12-)@4主编 |
| 701 | 0 | @a刘浪@9liu lang@c(文学)@4主编 |
| 801 | 0 | @aCN@b上海新华@c20180901 |
| 905 | @b1153218-22@dI207.7-53@e875@f5 | |
| 躬耕三十年(1986-2016):广州市花都区民间文艺家协会成立30周年文选/李远,刘浪主编.-北京:中国文联出版社,2016 |
| 414页;24cm |
| ISBN 978-7-5190-1749-1:CNY58.00 |
| 本书分太平天国篇、古村落篇、古祠堂篇、盘古王诞篇、楹联篇、非遗篇、历史名人篇、红色文化篇、民俗篇、侨乡文化篇等十篇,收录了《民间心目中的太平天国》、《略议洪秀全的是非功过》、《辛亥革命是太平天国革命的继承和发展》等内容。 |
| ● |
| 相关链接 |
|
|
|
|
正题名:躬耕三十年(1986-2016)
索取号:I207.7-53/875
 
预约/预借
| 序号 | 登录号 | 条形码 | 馆藏地/架位号 | 状态 | 备注 |
| 1 | 1153218 | 211532180 | 第一样本阅览室/ [索取号:I207.7-53/875] | 在馆 | |
| 2 | 1153219 | 211532199 | 第二借阅区/ [索取号:I207.7-53/875] | 在馆 | |
| 3 | 1153220 | 211532206 | 密集书库-文学院/ [索取号:I207.7-53/875] | 在馆 | |
| 4 | 1153221 | 211532215 | 第二借阅区/ [索取号:I207.7-53/875] | 在馆 | |
| 5 | 1153222 | 211532224 | 第二借阅区/ [索取号:I207.7-53/875] | 在馆 |